| 000 | 00977nam a2200277 c 4500 | ||
|---|---|---|---|
| 999 |
_c125040 _d125040 |
||
| 003 | BLK | ||
| 005 | 20210809094402.0 | ||
| 008 | 180409b bul|||||r ||||||| ||bul|| | ||
| 010 | _aKNG00130709000 | ||
| 040 | _aBLK | ||
| 041 |
_aBUL _cBUL |
||
| 080 |
_aБългарска литература _b821.163.2 _x-31 _z821.163.2-31 |
||
| 100 | 1 |
_aБарух, Арманд Сабат _eпърви автор _9301770 |
|
| 139 |
_aБарух, Арманд Сабат _bБ 27 |
||
| 245 | 1 | 0 |
_aРалеви _bРоман _cАрманд Сабат Барух. |
| 257 | _aBGR | ||
| 260 |
_bНар. култура _c1955 _fСофия : Д. Благоев |
||
| 300 |
_a556 с. _c20 см |
||
| 380 | _aX | ||
| 500 | _a8 000 тир. | ||
| 852 |
_aЦб 8.205.46610 _bЦб |
||
| 856 | 4 | _qpdf | |
| 856 | 4 | _qpdf | |
| 942 |
_cKNG _n0 _s1 |
||
| 944 |
_aCR _c18.05.2012 _l18.05.2012 - от С1,Р / 18.05.2012 _kНаталия_Медовщикова |
||
| 944 |
_aED _c18.05.2012 _l18.05.2012 - от С1,Р / 18.05.2012 |
||
| 999 | _d125040 | ||